[Event "Titled Tuesday intern op 06th Feb Late"]
[Site "Chess.com INT"]
[Date "2024.02.06"]
[Round "11"]
[White "Krzywda, Andrzej"]
[Black "Cogan, Nicolas"]
[Result "1-0"]
[WhiteElo "2211"]
[BlackElo "2070"]
[PlyCount "115"]
[EventDate "2024.02.06"]
[EventType "swiss (blitz)"]
[EventRounds "11"]
[EventCountry "USA"]
[SourceTitle "CB07_2024"]
[SourceDate "2024.02.14"]
[SourceVersion "1"]
[SourceVersionDate "2024.02.14"]
[SourceQuality "1"]

1. e4 Nf6 2. e5 Nd5 3. d4 d6 4. c4 Nb6 5. f4 g6 6. Nc3 Bg7 7. Be3 dxe5 8. fxe5 c5 9. dxc5 N6d7 10. Nf3 Nc6 11. e6 fxe6 12. Be2 0-0 13. 0-0 Nf6 14. Qc2 e5 15. Rad1 Qa5 16. Nd5 Bf5 17. Qb3 Ng4 18. Qb5 Nxe3 19. Nxe3 Qxb5 20. cxb5 Nd4 21. Bc4+ Kh8 22. Ng5 h6 23. Nf7+ Kh7 24. Nxf5 Nxf5 25. Rd7 Ne3 26. Be6 Nxf1 27. Kxf1 Rac8 28. b4 Rb8 29. Rxe7 Rfe8 30. Rxe8 Rxe8 31. Bd5 Rf8 32. Ke2 e4 33. Nd6 Bc3 34. a3 b6 35. Nxe4 Bb2 36. c6 Bxa3 37. Be6 Re8 38. c7 Rxe6 39. c8Q Rxe4+ 40. Kd3 Re7 41. Qc3 Rd7+ 42. Ke2 Re7+ 43. Kf1 Rf7+ 44. Kg1 Bxb4 45. Qxb4 Rd7 46. h3 h5 47. Kh2 Rf7 48. Qb3 Kg7 49. Qc3+ Kh7 50. Kg3 Kh6 51. Qe3+ Kg7 52. Qe5+ Kh7 53. Qe6 Kg7 54. Kh4 Rf6 55. Qe7+ Rf7 56. Qe5+ Kh7 57. Kg5 Rc7 58. Qxc7+ 1-0

[Event "Titled Tuesday intern op 06th Feb Late"]
[Site "Chess.com INT"]
[Date "2024.02.06"]
[Round "3"]
[White "Vovk, Orest"]
[Black "Cogan, Nicolas"]
[Result "1-0"]
[WhiteElo "2315"]
[BlackElo "2070"]
[PlyCount "61"]
[EventDate "2024.02.06"]
[EventType "swiss (blitz)"]
[EventRounds "11"]
[EventCountry "USA"]
[SourceTitle "CB07_2024"]
[SourceDate "2024.02.14"]
[SourceVersion "1"]
[SourceVersionDate "2024.02.14"]
[SourceQuality "1"]

1. h4 d5 2. h5 h6 3. e4 dxe4 4. Nc3 Nf6 5. Qe2 Bf5 6. Qb5+ Bd7 7. Qxb7 Nc6 8. Bb5 Rb8 9. Qxc6 Bxc6 10. Bxc6+ Nd7 11. Nxe4 Rb6 12. Ba4 e5 13. Nf3 Rb4 14. Nc3 Bd6 15. d3 0-0 16. a3 Rg4 17. g3 Nc5 18. Bc6 Qf6 19. Nd5 Qd8 20. Ne3 Ra4 21. Bxa4 Nxa4 22. Nc4 Nc5 23. Be3 Qf6 24. Nfd2 e4 25. Bxc5 Bxc5 26. Nxe4 Qe7 27. 0-0-0 f5 28. Nxc5 Qxc5 29. Rd2 Re8 30. Kb1 Qd4 31. Rh4 1-0